Νόμων συγγραφής τα σωζόμενα = Traite des lois ou recueil des fragments, en partie inedits, de cet ouvrage

Αποθηκεύτηκε σε:
Λεπτομέρειες βιβλιογραφικής εγγραφής
Κύριος συγγραφέας: Γεμιστός, Γεώργιος, π. 1360-1452
Άλλοι συγγραφείς: Alexandre, C. (Charles), 1797-1870 (Επιμελητής έκδοσης), Pelissier, A. (Μεταφραστής)
Μορφή: Βιβλίο
Γλώσσα:Ancient Greek
Latin
Δημοσίευση: Paris : Libraire de Firmin Didot Freres, 1858.
Θέματα:
Διαθέσιμο Online:http://hdl.handle.net/11610/16567
Ετικέτες: Προσθήκη ετικέτας
Δεν υπάρχουν, Καταχωρήστε ετικέτα πρώτοι!

MARC

LEADER 00000cam a2200000 a 4500
001 1/108295
008 150901s1858####fr | ||| |||| ||grc||
040 |a GR-MyUa  |b gre  |c GR-MyUa  |e AACR2 
041 0 |a grc 
041 0 |a lat 
082 7 |a 189   |2 (23)  
100 1 |a Γεμιστός, Γεώργιος,   |d π. 1360-1452. 
245 1 0 |a Νόμων συγγραφής τα σωζόμενα =   |b Traite des lois ou recueil des fragments, en partie inedits, de cet ouvrage /   |c Πλήθωνος ; texte revu sur les manuscrits, precede d'une notice historique et critique, et augmente d'un choix de pieces justicatives, la plupart inedites, par C. Alexandre ; traduction par A. Pellissier 
246 1 |i Παράλληλος τίτλος:   |a Traite des lois ou recueil des fragments, en partie inedits, de cet ouvrage  
260 |a Paris :   |b Libraire de Firmin Didot Freres,   |c 1858.  
300 |a c, 472 σ. ;   |c 22 εκ.  
500 |a Υπάρχει ψηφιακό αντίγραφο.  
500 |a Στο verso ετικέτα "Ιπποκράτης Νικολάου τη Πορφυριάδι Σχολή των Καρλοβασίων". Στο recto σφραγίδα "Πορφυριάς Αστική Σχολή Καρλοβασίων" με αρ. 72. 
546 |a Κείμενο στα λατινικά και αρχαία ελληνικά.  
600 1 0 |a Γεμιστός, Γεώργιος,   |d π. 1360-1452. 
650 0 |a Philosophy  |z Byzantine Empire. 
650 0 |a Law, Byzantine  |x Philosophy. 
700 1 |a Alexandre, C.   |q (Charles),   |d 1797-1870,  |e edt 
700 1 |a Pelissier, A.  |e trl 
852 |a INST  |b SAMOS  |c PORFYRIADA  |e 20150901  |h 189 ΓΕΜ  |p 005300042611  |q 005300042611  |t NOLOAN  |y 23 
856 |u http://hdl.handle.net/11610/16567 
970 |a Κοσιέρης  |b Χρήστος  |z 01/09/2015